Państwa świata po kształcie flagi #9 - Statystyki

Ogólne statystyki
  • Ten quiz został rozwiązany 10 706 razy
  • Średni wynik to 12 z 16
Statystyki odpowiedzi
Obrazkowy Odpowiedź % Poprawnych
Kazachstan
98%
Litwa
94%
Słowacja
93%
Nigeria
92%
Korea Północna
91%
Luksemburg
91%
Łotwa
90%
Syria
81%
Malezja
80%
Madagaskar
76%
Salwador
65%
Nauru
58%
Togo
55%
Surinam
54%
Antigua i Barbuda
46%
Republika Zielonego Przylądka
31%
Nie znaleziono quizów pasujących do podanych kryteriów
Rozkład punktacji
Procent ludzi z każdym wynikiem
Percentyl według liczby udzielonych odpowiedzi
Twoja historia wyników
Nie rozwiązałeś tego quizu